[Event "AsianNationCup2018"]
[Site "Hamedan"]
[Date "2018.07.29"]
[Round "2.13"]
[White "Moinzai, Khushal"]
[Black "Yakubboev, Nodirbek"]
[Result "0-1"]
[BlackElo "2512"]
[WhiteElo "1835"]
[LiveChessVersion "1.4.8"]

1. c4 e5 {[%clk 1:30:01]} 2. Nc3 {[%clk 1:26:48]} Nc6 {[%clk 1:28:39]} 3. g3
{[%clk 1:24:43]} Bc5 {[%clk 1:27:30]} 4. Bg2 {[%clk 1:23:38]} a6 {[%clk 1:26:54]}
5. e3 {[%clk 1:22:26]} d6 {[%clk 1:25:35]} 6. Nge2 {[%clk 1:22:06]} Nge7
{[%clk 1:23:26]} 7. O-O {[%clk 1:20:31]} h5 {[%clk 1:23:34]} 8. d4
{[%clk 1:19:03]} Ba7 {[%clk 1:22:06]} 9. a3 {[%clk 1:17:55]} h4 {[%clk 1:22:12]}
10. b4 {[%clk 1:17:53]} hxg3 {[%clk 1:12:50]} 11. fxg3 {[%clk 1:14:30]} Bg4
{[%clk 1:01:55]} 12. Qd2 {[%clk 1:06:52]} Qd7 {[%clk 0:59:07]} 13. b5
{[%clk 0:58:14]} axb5 {[%clk 0:57:13]} 14. Nxb5 {[%clk 0:57:04]} Bb6
{[%clk 0:50:30]} 15. Rb1 {[%clk 0:48:36]} d5 {[%clk 0:37:08]} 16. c5
{[%clk 0:45:01]} Ba5 {[%clk 0:37:27]} 17. Nec3 {[%clk 0:41:44]} Bh3
{[%clk 0:31:03]} 18. Bb2 {[%clk 0:40:02]} O-O {[%clk 0:29:22]} 19. Bxh3
{[%clk 0:37:35]} Qxh3 {[%clk 0:29:21]} 20. Qg2 {[%clk 0:34:30]} Qd7
{[%clk 0:28:03]} 21. Ba1 {[%clk 0:30:59]} b6 {[%clk 0:21:43]} 22. Rfd1
{[%clk 0:27:15]} bxc5 {[%clk 0:18:57]} 23. dxc5 {[%clk 0:24:18]} Rfd8
{[%clk 0:16:48]} 24. Rd3 {[%clk 0:21:34]} Bxc3 {[%clk 0:14:49]} 25. Rxc3
{[%clk 0:20:22]} Ra4 {[%clk 0:13:52]} 26. Qc2 {[%clk 0:18:49]} Rda8
{[%clk 0:13:58]} 27. Qd1 {[%clk 0:17:25]} f6 {[%clk 0:12:37]} 28. Rd3
{[%clk 0:16:22]} Rc4 {[%clk 0:10:45]} 29. Rc1 {[%clk 0:13:22]} Rxc1
{[%clk 0:09:58]} 30. Qxc1 {[%clk 0:13:48]} Nd8 {[%clk 0:08:55]} 31. Nc3
{[%clk 0:12:44]} c6 {[%clk 0:08:37]} 32. Ne4 {[%clk 0:11:46]} Qf5
{[%clk 0:07:59]} 33. Nf2 {[%clk 0:11:58]} Ne6 {[%clk 0:08:23]} 34. Bb2
{[%clk 0:10:15]} Ng5 {[%clk 0:07:42]} 35. Qf1 {[%clk 0:09:34]} Ra5
{[%clk 0:06:10]} 36. g4 {[%clk 0:08:22]} Qc8 {[%clk 0:05:42]} 37. Qc1
{[%clk 0:08:17]} Ng6 {[%clk 0:05:26]} 38. h3 {[%clk 0:06:31]} Nxh3+
{[%clk 0:04:21]} 39. Kf1 {[%clk 0:04:07]} Nxf2 {[%clk 0:04:36]} 40. Kxf2
{[%clk 0:04:18]} Qxg4 {[%clk 0:05:03]} 41. Rb3 {[%clk 0:04:08]} Nh4
{[%clk 0:04:25]} 42. Qh1 {[%clk 0:03:45]} Rxc5 {[%clk 0:04:20]} 43. Bc3
{[%clk 0:03:34]} Qf5+ {[%clk 0:03:55]} 44. Kg3 {[%clk 0:03:31]} Qg6+
{[%clk 0:03:45]} 45. Kh3 {[%clk 0:03:01]} Rc4 {[%clk 0:03:21]} 0-1

[Event "AsianNationCup2018"]
[Site "Hamedan"]
[Date "2018.07.29"]
[Round "2.14"]
[White "Sindarov, Javokhir"]
[Black "Mirzaad, S.Wahabuddin"]
[Result "1-0"]
[BlackElo "2049"]
[WhiteElo "2474"]
[LiveChessVersion "1.4.8"]

1. e4 d5 2. exd5 Qxd5 3. Nc3 Qa5 4. d4 c6 {[%clk 1:30:42]} 5. Nf3
{[%clk 1:32:11]} Nf6 {[%clk 1:31:03]} 6. Bc4 {[%clk 1:28:34]} Bf5
{[%clk 1:30:50]} 7. O-O {[%clk 1:28:27]} e6 {[%clk 1:30:55]} 8. Re1
{[%clk 1:27:31]} Be7 {[%clk 1:28:49]} 9. Bd2 {[%clk 1:26:10]} Qc7
{[%clk 1:28:33]} 10. Ne5 {[%clk 1:25:03]} Nbd7 {[%clk 1:24:53]} 11. Bf4
{[%clk 1:23:52]} Nxe5 {[%clk 1:17:26]} 12. Bxe5 {[%clk 1:24:07]} Qb6
{[%clk 1:16:14]} 13. Bd3 {[%clk 1:09:49]} Bg6 {[%clk 1:12:39]} 14. a3
{[%clk 0:57:39]} O-O {[%clk 1:11:56]} 15. b4 {[%clk 0:55:59]} Nd7
{[%clk 1:06:43]} 16. Na4 {[%clk 0:52:48]} Qd8 {[%clk 1:06:55]} 17. Bg3
{[%clk 0:53:14]} Nf6 {[%clk 1:04:29]} 18. Bf1 {[%clk 0:46:01]} Bd6
{[%clk 1:01:51]} 19. Be5 {[%clk 0:45:30]} Bxe5 {[%clk 1:00:06]} 20. Rxe5
{[%clk 0:45:41]} Qd6 {[%clk 0:59:45]} 21. c3 {[%clk 0:45:13]} Rfd8
{[%clk 0:58:27]} 22. Nc5 {[%clk 0:44:24]} Qc7 {[%clk 0:57:18]} 23. Qf3
{[%clk 0:44:14]} b6 {[%clk 0:48:10]} 24. Nd3 {[%clk 0:44:03]} Rd5
{[%clk 0:46:33]} 25. Rae1 {[%clk 0:43:14]} Rad8 {[%clk 0:45:47]} 26. Nf4
{[%clk 0:38:31]} Rxe5 {[%clk 0:43:54]} 27. Rxe5 {[%clk 0:38:37]} Nd5
{[%clk 0:41:40]} 28. g3 {[%clk 0:36:37]} Qd6 {[%clk 0:37:54]} 29. Bc4
{[%clk 0:35:15]} Nxf4 {[%clk 0:27:41]} 30. Qxf4 {[%clk 0:35:40]} h6
{[%clk 0:22:40]} 31. h4 {[%clk 0:35:31]} h5 {[%clk 0:14:28]} 32. Qf3
{[%clk 0:29:58]} Rc8 {[%clk 0:12:52]} 33. Rg5 {[%clk 0:26:04]} Kh7
{[%clk 0:08:18]} 34. Bd3 {[%clk 0:17:11]} f5 {[%clk 0:07:23]} 35. Qe2
{[%clk 0:17:01]} Rf8 {[%clk 0:06:11]} 36. Qe3 {[%clk 0:14:34]} Rf6
{[%clk 0:05:55]} 37. Be2 {[%clk 0:13:42]} Be8 {[%clk 0:04:18]} 38. Bxh5
{[%clk 0:13:54]} g6 {[%clk 0:04:28]} 39. Be2 {[%clk 0:13:52]} f4 {[%clk 0:01:55]}
40. Qe5 {[%clk 0:14:04]} Qf8 {[%clk 0:01:27]} 41. g4 {[%clk 0:14:23]} Kh6
{[%clk 0:00:34]} 42. Bd3 {[%clk 0:14:46]} f3 {[%clk 0:00:50]} 43. Kh2
{[%clk 0:14:48]} Qe7 {[%clk 0:00:38]} 44. Kg3 {[%clk 0:15:01]} Rf8
{[%clk 0:01:01]} 45. Rh5+ {[%clk 0:15:18]} 1-0

[Event "AsianNationCup2018"]
[Site "Hamedan"]
[Date "2018.07.30"]
[Round "3.1"]
[White "Lu, Shanglei"]
[Black "Maghsoodloo, Parham"]
[Result "0-1"]
[BlackElo "2636"]
[WhiteElo "2629"]
[LiveChessVersion "1.4.8"]

1. e4 {[%clk 1:30:55]} e5 {[%clk 1:30:05]} 2. Nf3 {[%clk 1:31:06]} Nc6
{[%clk 1:30:28]} 3. Bb5 {[%clk 1:31:25]} a6 {[%clk 1:30:52]} 4. Ba4
{[%clk 1:31:49]} Nf6 {[%clk 1:31:17]} 5. O-O {[%clk 1:32:13]} b5 {[%clk 1:31:44]}
6. Bb3 {[%clk 1:32:36]} Bc5 {[%clk 1:32:09]} 7. c3 {[%clk 1:29:22]} d6
{[%clk 1:32:33]} 8. d4 {[%clk 1:26:29]} Bb6 9. h3 {[%clk 1:15:26]} O-O
{[%clk 1:32:05]} 10. Be3 exd4 {[%clk 1:14:17]} 11. cxd4 {[%clk 1:15:48]} Nxe4
{[%clk 1:14:32]} 12. Bd5 {[%clk 1:15:12]} Qe8 {[%clk 1:15:01]} 13. Qc2
{[%clk 1:15:36]} Nb4 {[%clk 1:15:29]} 14. Qxe4 {[%clk 1:15:59]} Qxe4
{[%clk 1:15:58]} 15. Bxe4 {[%clk 1:16:23]} d5 {[%clk 1:16:27]} 16. Bd2
{[%clk 1:16:46]} dxe4 {[%clk 1:16:56]} 17. Bxb4 {[%clk 1:17:10]} exf3
{[%clk 1:17:24]} 18. Bxf8 {[%clk 1:17:30]} fxg2 {[%clk 1:17:50]} 19. Rd1
{[%clk 1:14:40]} Kxf8 {[%clk 1:18:03]} 20. Nc3 {[%clk 1:12:04]} Bxh3
{[%clk 1:11:45]} 21. Nd5 {[%clk 1:12:04]} Ba5 {[%clk 1:00:36]} 22. Rac1
{[%clk 0:47:55]} Rd8 {[%clk 0:55:25]} 23. Nxc7 {[%clk 0:46:44]} Bg4
{[%clk 0:55:51]} 24. Rd3 {[%clk 0:46:38]} Rc8 {[%clk 0:54:45]} 25. f3
{[%clk 0:28:45]} Bd7 {[%clk 0:54:12]} 26. Rdc3 {[%clk 0:26:11]} Bxc3
{[%clk 0:54:24]} 27. Rxc3 {[%clk 0:26:37]} b4 {[%clk 0:52:14]} 28. Rc5
{[%clk 0:26:24]} a5 {[%clk 0:52:39]} 29. Kxg2 {[%clk 0:26:38]} h5
{[%clk 0:50:21]} 30. f4 {[%clk 0:23:04]} h4 {[%clk 0:43:47]} 31. Kf3
{[%clk 0:21:31]} f6 {[%clk 0:41:47]} 32. Ke4 {[%clk 0:16:46]} Ke7
{[%clk 0:38:23]} 33. f5 {[%clk 0:14:16]} h3 {[%clk 0:34:25]} 34. Kf3
{[%clk 0:14:12]} Rh8 {[%clk 0:34:40]} 0-1

[Event "AsianNationCup2018"]
[Site "Hamedan"]
[Date "2018.07.30"]
[Round "3.2"]
[White "Idani, Pouya"]
[Black "Wen, Yang"]
[Result "1/2-1/2"]
[BlackElo "2599"]
[WhiteElo "2583"]
[LiveChessVersion "1.4.8"]

1. e4 {[%clk 1:30:57]} e5 {[%clk 1:30:31]} 2. Nf3 {[%clk 1:31:23]} Nc6
{[%clk 1:30:56]} 3. Bb5 {[%clk 1:31:50]} Nf6 {[%clk 1:31:12]} 4. d3
{[%clk 1:32:18]} Bc5 {[%clk 1:31:34]} 5. c3 {[%clk 1:32:45]} O-O {[%clk 1:31:44]}
6. O-O {[%clk 1:33:11]} Re8 {[%clk 1:31:37]} 7. Nbd2 {[%clk 1:33:36]} a6
{[%clk 1:31:23]} 8. Bxc6 {[%clk 1:34:02]} dxc6 {[%clk 1:31:42]} 9. Nc4
{[%clk 1:34:30]} Nd7 {[%clk 1:31:04]} 10. b4 {[%clk 1:34:49]} Bd6
{[%clk 1:24:09]} 11. Be3 {[%clk 1:31:56]} Nf8 {[%clk 1:23:59]} 12. Qc2 Ng6
{[%clk 1:20:57]} 13. a4 {[%clk 1:25:02]} Bf8 14. Nfd2 {[%clk 1:08:57]} Qf6
{[%clk 1:17:12]} 15. a5 Be6 16. f3 {[%clk 0:59:00]} Rad8 {[%clk 1:14:30]} 17. g3
{[%clk 0:57:48]} h5 {[%clk 0:43:57]} 18. f4 {[%clk 0:51:44]} exf4
{[%clk 0:31:55]} 19. gxf4 {[%clk 0:52:02]} Bh3 {[%clk 0:30:38]} 20. f5
{[%clk 0:52:14]} Bxf1 {[%clk 0:27:49]} 21. Rxf1 {[%clk 0:52:37]} Ne5
{[%clk 0:27:46]} 22. Nxe5 {[%clk 0:52:18]} Qxe5 {[%clk 0:27:39]} 23. d4
{[%clk 0:50:24]} Qb5 {[%clk 0:27:05]} 24. e5 {[%clk 0:48:31]} Qe2
{[%clk 0:25:19]} 25. Bf4 {[%clk 0:41:40]} f6 {[%clk 0:14:53]} 1/2-1/2

[Event "AsianNationCup2018"]
[Site "Hamedan"]
[Date "2018.07.30"]
[Round "3.3"]
[White "Zhou, Jianchao"]
[Black "Tabatabaei, M.Amin"]
[Result "1/2-1/2"]
[BlackElo "2590"]
[WhiteElo "2621"]
[LiveChessVersion "1.4.8"]

1. d4 Nf6 2. c4 g6 3. Nc3 Bg7 4. e4 d6 5. h3 O-O 6. Be3 Nc6 7. Nge2 e5
{[%clk 1:33:56]} 8. d5 Nd4 {[%clk 1:33:54]} 9. Nxd4 {[%clk 1:09:01]} exd4 10.
Bxd4 {[%clk 1:06:05]} Nxe4 {[%clk 1:34:12]} 11. Nxe4 {[%clk 1:01:23]} Re8
{[%clk 1:24:43]} 12. f3 {[%clk 0:58:11]} f5 13. Bxg7 Kxg7 {[%clk 1:07:20]} 14.
Qd4+ {[%clk 0:56:53]} Kg8 {[%clk 1:07:05]} 15. Bd3 {[%clk 0:47:40]} fxe4
{[%clk 1:07:15]} 16. Bxe4 {[%clk 0:47:26]} Qh4+ {[%clk 1:07:27]} 17. Qf2
{[%clk 0:42:27]} Rxe4+ {[%clk 1:07:00]} 18. fxe4 {[%clk 0:42:50]} Qxe4+
{[%clk 1:07:25]} 19. Kf1 {[%clk 0:23:20]} Qxc4+ {[%clk 1:01:43]} 20. Kg1
{[%clk 0:23:31]} Qxd5 {[%clk 1:00:32]} 21. Rc1 {[%clk 0:21:40]} c6
{[%clk 0:46:06]} 22. Qg3 {[%clk 0:21:04]} Bf5 {[%clk 0:43:28]} 23. Kh2
{[%clk 0:19:19]} Qxa2 {[%clk 0:42:57]} 24. Qxd6 {[%clk 0:14:02]} Qxb2
{[%clk 0:43:07]} 25. Rce1 {[%clk 0:12:42]} Rf8 {[%clk 0:32:37]} 26. Re7
{[%clk 0:12:49]} Qf6 {[%clk 0:32:46]} 27. Qxf6 {[%clk 0:12:09]} Rxf6
{[%clk 0:33:12]} 28. Rxb7 {[%clk 0:07:19]} Rf7 {[%clk 0:33:09]} 29. Rxf7
{[%clk 0:06:16]} Kxf7 {[%clk 0:33:33]} 30. g4 {[%clk 0:05:50]} Be4
{[%clk 0:30:26]} 31. Re1 {[%clk 0:04:40]} Bd5 {[%clk 0:29:56]} 32. g5
{[%clk 0:02:17]} a5 {[%clk 0:29:24]} 33. Ra1 {[%clk 0:01:29]} h6 {[%clk 0:29:25]}
34. gxh6 {[%clk 0:00:42]} Kg8 {[%clk 0:29:54]} 35. Rxa5 {[%clk 0:00:46]} Kh7
{[%clk 0:30:23]} 36. Kg3 {[%clk 0:00:49]} Kxh6 {[%clk 0:30:47]} 37. Kf4
{[%clk 0:00:52]} Be6 {[%clk 0:24:55]} 38. h4 {[%clk 0:00:52]} Bd5
{[%clk 0:25:17]} 39. Ra8 {[%clk 0:00:58]} Bg2 {[%clk 0:24:35]} 40. Ke5
{[%clk 0:00:38]} Kh5 {[%clk 0:24:17]} 41. Kf4 {[%clk 0:00:39]} Kh6
{[%clk 0:24:45]} 42. Ra1 {[%clk 0:00:32]} Kh5 {[%clk 0:24:06]} 43. Kg3
{[%clk 0:29:41]} Bd5 {[%clk 0:54:27]} 44. Re1 {[%clk 0:29:25]} Bb3
{[%clk 0:52:33]} 45. Re7 {[%clk 0:27:40]} Kh6 {[%clk 0:52:36]} 46. Kf4
{[%clk 0:27:00]} Bd5 {[%clk 0:52:55]} 47. Re5 {[%clk 0:25:35]} Bb3
{[%clk 0:52:41]} 48. Rg5 {[%clk 0:25:49]} Bd5 {[%clk 0:51:18]} 49. Ke5
{[%clk 0:26:13]} Kg7 {[%clk 0:51:43]} 50. Rg3 {[%clk 0:23:58]} Kh6
{[%clk 0:51:56]} 1/2-1/2

[Event "AsianNationCup2018"]
[Site "Hamedan"]
[Date "2018.07.30"]
[Round "3.4"]
[White "Firouzja, Alireza"]
[Black "Bai, Jinshi"]
[Result "1-0"]
[BlackElo "2588"]
[WhiteElo "2561"]
[LiveChessVersion "1.4.8"]

1. Nf3 {[%clk 1:29:58]} Nf6 {[%clk 1:30:48]} 2. c4 {[%clk 1:30:21]} c5
{[%clk 1:29:46]} 3. Nc3 {[%clk 1:30:16]} Nc6 {[%clk 1:29:53]} 4. g3
{[%clk 1:29:15]} g6 {[%clk 1:28:14]} 5. Bg2 {[%clk 1:29:31]} Bg7 {[%clk 1:28:37]}
6. d4 {[%clk 1:29:54]} d5 {[%clk 1:27:12]} 7. dxc5 {[%clk 1:22:12]} dxc4
{[%clk 1:27:36]} 8. Qxd8+ {[%clk 1:15:33]} Nxd8 9. O-O {[%clk 1:11:59]} Bd7
{[%clk 1:23:11]} 10. Ne5 {[%clk 1:06:41]} Rc8 {[%clk 1:21:04]} 11. Be3 Be6
{[%clk 0:57:10]} 12. Rac1 {[%clk 0:53:28]} Ne4 {[%clk 0:38:01]} 13. Bxe4
{[%clk 0:52:12]} Bxe5 {[%clk 0:38:25]} 14. Rfd1 {[%clk 0:51:40]} f5
{[%clk 0:34:31]} 15. Bd5 {[%clk 0:49:01]} Kf7 {[%clk 0:33:16]} 16. Na4
{[%clk 0:44:10]} Bf6 {[%clk 0:26:18]} 17. Bxe6+ {[%clk 0:43:16]} Kxe6
{[%clk 0:20:50]} 18. Bd4 {[%clk 0:39:27]} Rc6 {[%clk 0:12:38]} 19. Bxf6
{[%clk 0:37:22]} Kxf6 {[%clk 0:13:04]} 20. Rd7 {[%clk 0:36:58]} b5
{[%clk 0:09:30]} 21. cxb6 {[%clk 0:37:10]} axb6 {[%clk 0:09:57]} 22. Rcd1
{[%clk 0:36:32]} Nf7 {[%clk 0:05:22]} 23. Rb7 {[%clk 0:36:51]} Nd6
{[%clk 0:04:45]} 24. Rxb6 {[%clk 0:37:16]} Rhc8 {[%clk 0:04:33]} 25. f3
{[%clk 0:34:22]} Ke6 {[%clk 0:04:47]} 26. Rxc6 {[%clk 0:33:47]} Rxc6
{[%clk 0:05:16]} 27. Kf2 {[%clk 0:33:21]} g5 {[%clk 0:05:21]} 28. Ke3
{[%clk 0:32:16]} Ke5 {[%clk 0:05:13]} 29. f4+ {[%clk 0:31:36]} gxf4+
{[%clk 0:05:37]} 30. gxf4+ {[%clk 0:32:02]} Kf6 {[%clk 0:04:17]} 31. Nc3
{[%clk 0:32:09]} Ra6 {[%clk 0:02:59]} 32. Kd4 {[%clk 0:31:06]} Ke6
{[%clk 0:02:33]} 33. a4 {[%clk 0:27:24]} Rb6 {[%clk 0:01:16]} 34. a5
{[%clk 0:23:57]} Rxb2 {[%clk 0:00:48]} 35. a6 {[%clk 0:23:32]} Rb8
{[%clk 0:00:38]} 36. Ra1 {[%clk 0:22:36]} Kd7 {[%clk 0:00:47]} 37. Nd5
{[%clk 0:22:37]} Nc8 {[%clk 0:00:33]} 38. Ne3 {[%clk 0:21:07]} e6
{[%clk 0:00:36]} 39. Nxc4 {[%clk 0:21:27]} Kc6 {[%clk 0:00:43]} 40. Ke5
{[%clk 0:20:59]} Rb4 {[%clk 0:00:37]} 41. Rc1 {[%clk 0:20:33]} Kd7
{[%clk 0:01:02]} 42. Kf6 {[%clk 0:20:46]} Ne7 {[%clk 0:28:31]} 43. Rd1+
{[%clk 0:50:14]} 1-0

[Event "AsianNationCup2018"]
[Site "Hamedan"]
[Date "2018.07.30"]
[Round "3.5"]
[White "Jumabayev, Rinat"]
[Black "Adhiban, B."]
[Result "0-1"]
[BlackElo "2671"]
[WhiteElo "2594"]
[LiveChessVersion "1.4.8"]

1. e4 {[%clk 1:31:00]} c5 {[%clk 1:30:53]} 2. Nf3 {[%clk 1:31:26]} e6
{[%clk 1:31:18]} 3. d4 {[%clk 1:31:49]} cxd4 {[%clk 1:31:44]} 4. Nxd4
{[%clk 1:32:17]} Nc6 {[%clk 1:32:10]} 5. Nb5 {[%clk 1:32:16]} d6 {[%clk 1:32:39]}
6. c4 {[%clk 1:32:41]} Nf6 {[%clk 1:32:41]} 7. N5c3 {[%clk 1:33:10]} b6
{[%clk 1:31:47]} 8. Be2 {[%clk 1:33:34]} Bb7 {[%clk 1:32:10]} 9. Bf4
{[%clk 1:34:00]} a6 {[%clk 1:31:26]} 10. O-O {[%clk 1:34:13]} Be7
{[%clk 1:31:29]} 11. Re1 {[%clk 1:33:47]} O-O {[%clk 1:31:09]} 12. Bf1
{[%clk 1:30:41]} Rc8 {[%clk 1:30:54]} 13. Nd2 {[%clk 1:28:55]} Nd7
{[%clk 1:13:55]} 14. Rc1 Nce5 15. Bg3 {[%clk 1:11:35]} Bh4 {[%clk 0:53:21]} 16.
Bxh4 {[%clk 0:59:00]} Qxh4 {[%clk 0:53:48]} 17. g3 {[%clk 0:57:41]} Qe7
{[%clk 0:47:14]} 18. f4 {[%clk 0:58:03]} Ng6 {[%clk 0:47:40]} 19. Nf3
{[%clk 0:58:01]} Nf6 {[%clk 0:47:53]} 20. Qd2 {[%clk 0:57:42]} Rfd8
{[%clk 0:47:36]} 21. Qe3 {[%clk 0:49:00]} Qc7 {[%clk 0:47:07]} 22. h3
{[%clk 0:48:54]} h5 {[%clk 0:41:24]} 23. b4 {[%clk 0:43:44]} Ba8 {[%clk 0:38:01]}
24. a3 {[%clk 0:42:21]} Qb8 {[%clk 0:37:55]} 25. Qf2 {[%clk 0:34:41]} b5
{[%clk 0:30:54]} 26. cxb5 {[%clk 0:25:53]} axb5 {[%clk 0:31:22]} 27. Nd2
{[%clk 0:26:14]} h4 {[%clk 0:28:52]} 28. g4 {[%clk 0:26:33]} d5 {[%clk 0:27:05]}
29. e5 {[%clk 0:22:02]} Ne4 {[%clk 0:19:53]} 30. Ndxe4 {[%clk 0:17:36]} dxe4
{[%clk 0:20:16]} 31. Qe3 {[%clk 0:13:56]} Bc6 {[%clk 0:10:26]} 32. Rcd1
{[%clk 0:11:12]} Rxd1 {[%clk 0:08:51]} 33. Rxd1 {[%clk 0:11:34]} Ne7
{[%clk 0:09:17]} 34. Qd4 {[%clk 0:10:14]} Qa8 {[%clk 0:07:52]} 35. a4
{[%clk 0:08:28]} bxa4 {[%clk 0:08:16]} 36. b5 {[%clk 0:08:53]} Bd5
{[%clk 0:07:31]} 37. Nxa4 {[%clk 0:08:39]} Rc2 {[%clk 0:07:41]} 38. Nc3
{[%clk 0:06:53]} Qa3 {[%clk 0:06:50]} 39. Nxe4 {[%clk 0:02:22]} Qf3
{[%clk 0:06:32]} 40. Rd3 {[%clk 0:01:12]} Qxe4 {[%clk 0:06:51]} 41. Qxe4
{[%clk 0:01:33]} Bxe4 {[%clk 0:07:19]} 42. Rd8+ {[%clk 0:01:24]} Kh7
{[%clk 0:07:48]} 43. Rd4 {[%clk 0:01:29]} Bg6 {[%clk 0:05:18]} 44. Rd7
{[%clk 0:01:29]} Nc8 {[%clk 0:04:40]} 45. f5 {[%clk 0:25:33]} exf5
{[%clk 0:34:50]} 46. gxf5 {[%clk 0:25:59]} Bxf5 {[%clk 0:23:24]} 47. Rxf7
{[%clk 0:26:28]} Be6 {[%clk 0:20:52]} 48. Rf4 {[%clk 0:23:20]} Rc1
{[%clk 0:19:47]} 49. Rxh4+ {[%clk 0:23:15]} Kg6 {[%clk 0:20:11]} 50. Kf2
{[%clk 0:22:09]} Kf5 {[%clk 0:20:31]} 51. Rh5+ {[%clk 0:18:58]} Kf4
{[%clk 0:20:48]} 52. Bd3 {[%clk 0:17:44]} Rc3 {[%clk 0:17:34]} 53. Ke2
{[%clk 0:12:36]} Rc5 {[%clk 0:17:57]} 54. Kf2 {[%clk 0:11:29]} Rxe5
{[%clk 0:17:41]} 55. Rxe5 {[%clk 0:08:14]} Kxe5 {[%clk 0:18:09]} 56. Kg3
{[%clk 0:08:40]} Nd6 {[%clk 0:12:51]} 57. b6 {[%clk 0:07:25]} Bc8
{[%clk 0:10:03]} 58. Bf1 {[%clk 0:05:09]} Ne4+ {[%clk 0:08:29]} 59. Kh2
{[%clk 0:05:34]} Nc3 {[%clk 0:06:47]} 60. Bg2 {[%clk 0:01:25]} Nd5
{[%clk 0:07:12]} 61. Bxd5 {[%clk 0:00:41]} Kxd5 {[%clk 0:07:41]} 62. Kg3
{[%clk 0:01:10]} Ke5 {[%clk 0:06:57]} 63. Kh4 {[%clk 0:00:59]} Kf4
{[%clk 0:06:52]} 64. Kh5 {[%clk 0:01:21]} Kf5 {[%clk 0:07:19]} 65. Kh4
{[%clk 0:01:43]} Kg6 {[%clk 0:07:34]} 0-1

[Event "AsianNationCup2018"]
[Site "Hamedan"]
[Date "2018.07.30"]
[Round "3.6"]
[White "Sethuraman, S.P."]
[Black "Ismagambetov, Anuar"]
[Result "1/2-1/2"]
[BlackElo "2529"]
[WhiteElo "2657"]
[LiveChessVersion "1.4.8"]

1. e4 {[%clk 1:30:39]} c5 {[%clk 1:30:22]} 2. Nf3 {[%clk 1:31:01]} Nc6
{[%clk 1:30:44]} 3. Bb5 {[%clk 1:31:00]} g6 {[%clk 1:30:36]} 4. Bxc6
{[%clk 1:31:15]} bxc6 {[%clk 1:30:30]} 5. O-O {[%clk 1:31:34]} Bg7
{[%clk 1:30:58]} 6. Re1 {[%clk 1:31:56]} Rb8 {[%clk 1:31:24]} 7. c3
{[%clk 1:24:18]} Nf6 8. e5 {[%clk 1:15:06]} Nd5 {[%clk 1:30:29]} 9. d4
{[%clk 1:15:54]} cxd4 {[%clk 1:27:16]} 10. c4 Nc7 {[%clk 1:23:47]} 11. Qxd4
{[%clk 1:16:16]} O-O 12. Qxa7 Bb7 {[%clk 1:12:54]} 13. Nbd2 {[%clk 1:04:49]} Ne6
14. Qe3 {[%clk 0:58:56]} d6 {[%clk 1:05:11]} 15. b3 {[%clk 0:50:04]} dxe5
{[%clk 1:05:06]} 16. Bb2 {[%clk 0:50:12]} f6 {[%clk 0:58:06]} 17. Ne4
{[%clk 0:38:25]} Qa5 {[%clk 0:54:04]} 18. b4 {[%clk 0:37:19]} Qxb4
{[%clk 0:50:11]} 19. Ba3 {[%clk 0:37:45]} Qa4 {[%clk 0:50:31]} 20. Bxe7
{[%clk 0:38:04]} Rf7 {[%clk 0:50:55]} 21. Nxf6+ {[%clk 0:30:02]} Bxf6
{[%clk 0:51:08]} 22. Bxf6 {[%clk 0:30:23]} Rxf6 {[%clk 0:51:22]} 23. Nxe5
{[%clk 0:30:47]} Rbf8 {[%clk 0:39:26]} 24. Nd7 {[%clk 0:28:18]} c5
{[%clk 0:38:34]} 25. Nxf8 {[%clk 0:24:27]} Qc6 {[%clk 0:38:47]} 26. f3
{[%clk 0:22:53]} Nxf8 {[%clk 0:38:04]} 27. Rab1 {[%clk 0:22:08]} Ba6
{[%clk 0:37:28]} 28. Qc3 {[%clk 0:19:48]} Rf7 {[%clk 0:34:09]} 29. Rb8
{[%clk 0:12:28]} Qa4 {[%clk 0:31:32]} 30. a3 {[%clk 0:05:19]} Qxc4
{[%clk 0:26:53]} 31. Qxc4 {[%clk 0:05:42]} Bxc4 {[%clk 0:27:20]} 32. Rc8
{[%clk 0:05:24]} Bb3 {[%clk 0:27:25]} 33. Rxc5 {[%clk 0:05:48]} Ra7
{[%clk 0:27:35]} 34. Rc3 {[%clk 0:05:36]} Be6 {[%clk 0:27:25]} 35. Re4
{[%clk 0:05:40]} Kf7 {[%clk 0:26:48]} 36. h4 {[%clk 0:05:44]} Nd7
{[%clk 0:26:35]} 37. a4 {[%clk 0:05:28]} Bd5 {[%clk 0:24:35]} 38. Rb4
{[%clk 0:05:39]} Ke6 {[%clk 0:24:21]} 39. Rc8 {[%clk 0:04:56]} Kd6
{[%clk 0:23:02]} 40. Kh2 {[%clk 0:04:52]} Bc6 {[%clk 0:19:50]} 41. Rf4
{[%clk 0:30:02]} Ne5 {[%clk 0:42:01]} 42. Rf6+ {[%clk 0:26:11]} Ke7
{[%clk 0:37:40]} 43. Rfxc6 {[%clk 0:22:37]} Nxc6 {[%clk 0:38:05]} 44. Rxc6
{[%clk 0:23:03]} Rxa4 {[%clk 0:38:30]} 45. Rc7+ {[%clk 0:23:28]} Kf8
{[%clk 0:38:57]} 46. g4 {[%clk 0:23:41]} h5 {[%clk 0:38:32]} 47. Kg3
{[%clk 0:23:19]} hxg4 {[%clk 0:38:56]} 48. fxg4 {[%clk 0:23:47]} Kg8
{[%clk 0:39:17]} 49. h5 {[%clk 0:24:15]} gxh5 {[%clk 0:39:42]} 1/2-1/2